Bé khóc

Shranjeno v:
Bibliografske podrobnosti
Glavni avtor: Minh Tâm
Format: Knjiga
Jezik:Vietnamese
Izdano: Hải phòng Hải Phòng 2008
Teme:
Oznake: Označite
Brez oznak, prvi označite!
Thư viện lưu trữ: Mạng thư viện Đại học Đà Nẵng
LEADER 00971nam a2200325 4500
001 000006414
003 2569
005 20110912100913.0
008 110909s2008 viesd
020 |c 14000đ 
041 0 |a vie 
082 |a 649.3  |b MI-T 
100 0 |a Minh Tâm 
245 0 |a Bé khóc  |c Minh Tâm 
260 |a Hải phòng  |b Hải Phòng  |c 2008 
300 |a 87 tr.  |c 20 cm. 
653 |a Cẩm nang 
653 |a Chăm sóc 
653 |a Trẻ em 
910 |a Huỳnh Thị Cẩm Lai  |d 09/09/2011 
OWN |a LSP 
AVA |a UDN50  |b LSP  |d 649.3 MI-T  |e available  |t Error 5001 Not defined in file expand_doc_bib_avail.  |f 9  |g 0  |h N  |i 0  |k 1 
999 |a From the UDN01 
AVA |a UDN50  |b LSP  |d 649.3 MI-T  |e available  |t Error 5001 Not defined in file expand_doc_bib_avail.  |f 9  |g 0  |h N  |i 0  |k 1 
TYP |a Monograph 
TYP |a Printed language 
980 |a Mạng thư viện Đại học Đà Nẵng